000 00554nam a2200133Ia 4500
008 220615s9999||||xx |||||||||||||| ||und||
022 _a16648714
100 _aSabine Kastner||Yuri B. Saalmann
245 4 _aThe Cognitive Thalamus
546 _aEnglish[eng]
650 _aneural synchrony||cognitive control||intralaminar thalamus||mediodorsal thalamus||Memory||Pulvinar||thalamocortical interactions||oscillations||anterior thalamus||Prefrontal Cortex
856 _uhttp://journal.frontiersin.org/researchtopic/983/the-cognitive-thalamus
942 _cEB
999 _c17349
_d17349